00858nam a22002177a 4500003000900000005001700009008003000026020001800056040002500074082002700099245016200126260003700288300004700325650003800372650003400410650003400444650002600478700005500504700003500559700004600594DO-SdBPM20250603114807.0150928b2012 ch a00| 0 spa d a9789962040620 aDO-SdBPMbspacBPMSU 4a808.83bC965c 2012222 aCuentos clásicos para niños /cDirección y coordinación María Cristina Parra Rodríguez; ilustraciones Liliana Paez, Ricardo Ramírez P.  aChina :bLexus Editores, c2012. a159 p. :bil., + CD Rom + Lentes ;c32 cm. 4aCuentos infantiles vColecciones  4aLecturaxEnseñanza primaria 4aPrincesasvCuentos infantiles 4aCuentos fantásticos1 aParra Rodríguez, María Cristina,eDirección 1 aPaez, Liliana,eilustración 1 aRamírez Gallo, Ricardo,eilustraciones